00667nam a2200181 u 450000100100000000500170001000800410002704000250006808200160009310000430010924500480015226000490020030000210024959000750027004900090034595201140035499900170046800003615020200930074923.0111220s1961 xxu r 000 0 spa d aDO-SdBNPbspacBNPHU axxxxbxxxxx1 aFitzgerald, F. Scottd1896-194096218710aTender is the night /cF. Scott Fitzgerald. aNew York :bbCharles Scribner's sons,c1961. a349 p. ;c23 cm. aPerteneció a la biblioteca personal de Juan Isidro Jimenes Grullón aBNPD 001050718MOaGRbGRcCTd2011-12-20iLF1l0oxxxx xxxxxp36150-10r2020-06-25w2020-06-25y1ZNo se presta c35641d35641